| 000 | 00791nam a2200229 a 4500 | ||
|---|---|---|---|
| 001 | C01474377c-6 | ||
| 005 | 20180622105856.0 | ||
| 008 | 170607s2015 ck fr 00010 spa d | ||
| 020 | _a9789583047589 | ||
| 040 |
_aCO-BoUCM _bspa _cSaul Niño _dSaul Niño |
||
| 041 | 0 | _aspa | |
| 100 | 1 |
_aGarralón, Ana _d1965- _986229 |
|
| 245 | 1 | 0 |
_aLeer y saber _blos libros informativos para niños _cAna Garralón |
| 260 |
_aBogotá D.C _bPanamericana Editorial _c2015 |
||
| 300 | _a247 páginas | ||
| 650 | 7 |
_aPromoción de la lectura _922555 |
|
| 650 | 7 |
_aLibros y lectura para niños _918524 |
|
| 650 | 7 |
_aComprensión de lectura _911316 |
|
| 700 | 1 |
_aFonseca Leal, Raquel Mireya _eeditor _986230 |
|
| 942 |
_2DEWEY _a1 _cLIBRO _e1 _h028.5 _mG238l _n0 |
||
| 999 |
_c306654 _d306654 |
||